[Event "Bahn-chG"]
[Site "Baiersbronn"]
[Date "1998.10.25"]
[Round "1"]
[White "Schamuhn, Manfred"]
[Black "Gertz, Ernst Bruno"]
[Result "0-1"]
[WhiteElo "2052"]
[BlackElo "1727"]
[PlyCount "82"]
[EventDate "1998.10.25"]
[EventType "swiss"]
[EventRounds "7"]
[EventCountry "GER"]
[SourceTitle "EXT 2001"]
[Source "ChessBase"]
[SourceDate "2000.11.22"]
[SourceVersion "1"]
[SourceVersionDate "2000.11.22"]
[SourceQuality "1"]

1. d4 Nf6 2. c4 e6 3. Nc3 Bb4 4. Nf3 Ne4 5. Qc2 d5 6. e3 Nd7 7. a3 Bxc3+ 8. bxc3 0-0 9. Bd3 f5 10. 0-0 c6 11. a4 b6 12. cxd5 exd5 13. c4 Bb7 14. Ne5 Nxe5 15. dxe5 Qe8 16. Bb2 Qe6 17. Qe2 c5 18. Rad1 Rad8 19. cxd5 Bxd5 20. Bb5 Kh8 21. Qh5 Bb3 22. Rxd8 Rxd8 23. f4 Rd2 24. Ba1 Ra2 25. Qe8+ Qxe8 26. Bxe8 Bd5 27. Rd1 Kg8 28. Bh5 g6 29. Bf3 Rxa4 30. e6 Bxe6 31. Be5 Kf7 32. Be2 Ra3 33. Rd8 Rxe3 34. Bf1 Ra3 35. Rh8 Nf6 36. Rb8 Bd5 37. Rc8 Rb3 38. Rc7+ Ke6 39. Rxa7 Rb1 40. Bc7 Bc4 41. Ra3 Rxf1# 0-1